| 000 | 00997nam a2200229 i 4500 | ||
|---|---|---|---|
| 001 | 164174 | ||
| 003 | ES-MaACL | ||
| 005 | 20251014063238.0 | ||
| 008 | 050722s1901 sp | |||||||| ||spa d | ||
| 100 | 1 |
_aRuiz Giménez, Joaquín, _d1854-1934 _9100819 |
|
| 245 | 1 | 0 |
_aPor Madrid (cumplimiento de un mandato electoral) _b: trabajos parlamentarios / _cde Joaquín Ruiz Jiménez, diputado a Cortes por Madrid. |
| 260 |
_aMadrid : _b[s.n.], _c1901 ( _fM. Romero, imp.) |
||
| 300 |
_a284 p. ; _c22 cm. |
||
| 530 | _aDisponible en formato digital. | ||
| 600 | 1 | 4 |
_aRuiz Giménez, Joaquín, _d1854-1934 _9100819 |
| 651 | 4 |
_aMadrid- _xPolítica y gobierno. _9160599 |
|
| 852 |
_aES-MaACL _jG-11353 _z- Enc. pasta española |
||
| 852 |
_aES-MaACL _jG-15791 |
||
| 852 |
_aES-MaACL _jT-978-F-7 _z- Enc. hol., conservando cub. original _z- Enc. en un vol. facticio |
||
| 856 |
_uhttp://bdh-rd.bne.es/viewer.vm?id=0000192423&page=1 _zBiblioteca Digital Hispánica |
||
| 999 |
_c164174 _d164174 |
||